Formula 1 - Debut Point Scorers - Statistics

General Stats
  • This quiz has been taken 58 times
  • The average score is 14 of 17
Answer Stats
Hint Answer % Correct
JAP (2021) Yuki Tsunoda
100%
ESP (2015) Carlos Sainz Jr
98%
RUS (2014) Daniil Kvyat
98%
DEN (2014) Kevin Magnussen
98%
FIN (2001) Kimi Raikkonen
98%
GBR (2007) Lewis Hamilton
96%
NED (2022) Nyck de Vries
96%
CHI (2022) Zhou Guanyu
96%
GER (2007) Sebastian Vettel
92%
GER (2006) Nico Rosberg
90%
AUS (2002) Mark Webber
86%
BEL (2016) Stoffel Vandoorne
86%
BRA (2015) Felipe Nasr
66%
GER (2004) Timo Glock
52%
GBR (2011) Paul di Resta
46%
ITA (2005) Vitantonio Liuzzi
44%
FRA (2008) Sebastien Bourdais
40%
No matching quizzes found
Score Distribution
Percent of People with Each Score
Percentile by Number Answered
Your Score History
You have not taken this quiz